000 00700nam a2200229Ia 4500
003 OSt
005 20220928121440.0
006 a|||||r|||| 00| 0
007 ta
008 220927b |||||||| |||| 00| 0 eng d
024 _a122426
037 _cTextual
040 _aSDCL
_cSDCL
_beng
041 _2eng
_aeng
082 _aJ : 438.2'N6, K7
100 _aNational Council Of Applied Economic Research
245 0 _aPesticides in India agriculture.
260 _aNew Delhi
_bNational Council Of Applied Economic Research
_c1967
300 _axiii,146p.
_ccm.
942 _hJ : 438.2'N6, K7
_cTEXL
_2CC
999 _c766432
_d766432